|
|
|
|
| LEADER |
00000nam0a2200000 4500 |
| 001 |
35513 |
| 005 |
20231030233929.0 |
| 010 |
|
|
|a 5274011551
|
| 010 |
|
|
|a 5-274-00554-3
|
| 035 |
|
|
|a (RuTPU)RU\TPU\book\35947
|
| 035 |
|
|
|a BOOK00002599
|
| 090 |
|
|
|a 35513
|
| 100 |
|
|
|a 20011210d1992 k y0rusy50 ca
|
| 101 |
0 |
|
|a rus
|
| 102 |
|
|
|a RU
|
| 105 |
|
|
|a y g 000zy
|
| 200 |
1 |
|
|a Внутренние санитарно-технические устройства
|e В 3-х частях
|h Ч. 3; Кн. 1
|i Вентиляция и кондиционирование воздуха
|f Под ред. Н. Н. Павлова, Ю. И. Шиллера
|
| 205 |
|
|
|a 4-е изд., перераб. и доп.
|
| 210 |
|
|
|a Москва
|c Стройиздат
|d 1992
|
| 215 |
|
|
|a 319 с.
|
| 225 |
1 |
|
|a Справочник проектировщика
|
| 610 |
1 |
|
|a санитарно-технические устройства
|
| 610 |
1 |
|
|a вентиляция
|
| 610 |
1 |
|
|a аэрация
|
| 610 |
1 |
|
|a расчеты
|
| 610 |
1 |
|
|a проектирование
|
| 610 |
1 |
|
|a справочники
|
| 610 |
1 |
|
|a воздух
|
| 610 |
1 |
|
|a кондиционирование
|
| 675 |
|
|
|a 696/697(03)
|v 3
|
| 675 |
|
|
|a 697.9(03)
|v 3
|
| 702 |
|
1 |
|a Павлов
|b Н. Н.
|g Николай Николаевич
|4 340
|
| 702 |
|
1 |
|a Шиллер
|b Ю. И.
|4 340
|
| 801 |
|
0 |
|a RU
|b 63413507
|c 20011210
|g PSBO
|
| 801 |
|
2 |
|a RU
|b 63413507
|c 20170112
|g PSBO
|
| 900 |
|
|
|a Отопление, вентиляция и кондиционирование воздуха
|
| 900 |
|
|
|a Проектирование систем отопления, вентиляции и кондиционирования
|
| 942 |
|
|
|c BK
|